Cancer : (Record no. 118579)

MARC details
000 -LEADER
fixed length control field 00841nam a2200265 a 4500
008 - FIXED-LENGTH DATA ELEMENTS--GENERAL INFORMATION
fixed length control field
020 ## - INTERNATIONAL STANDARD BOOK NUMBER
International Standard Book Number 0781748658 (hbk.)
049 ## - LOCAL HOLDINGS (OCLC)
Holding library MAIN
090 ## - LOCALLY ASSIGNED LC-TYPE CALL NUMBER (OCLC); LOCAL CALL NUMBER (RLIN)
Classification number (OCLC) (R) ; Classification number, CALL (RLIN) (NR) RC261
Local cutter number (OCLC) ; Book number/undivided call number, CALL (RLIN) CAN
003 - CONTROL NUMBER IDENTIFIER
control field
005 - DATE AND TIME OF LATEST TRANSACTION
control field 20230120204159.0
040 ## - CATALOGING SOURCE
Transcribing agency NUST
245 10 - TITLE STATEMENT
Title Cancer :
Remainder of title principles and practice of oncology
Number of part/section of a work vol. 1 & 2 /
Statement of responsibility, etc. edited by Vincet T DeVita ;Samuel Hellman and Steven A Rosenberg.
250 ## - EDITION STATEMENT
Edition statement 7th ed.
260 ## - PUBLICATION, DISTRIBUTION, ETC.
Place of publication, distribution, etc. Philadelphia :
Name of publisher, distributor, etc. Lippincott Williams & Wilkins,
Date of publication, distribution, etc. 2005.
300 ## - PHYSICAL DESCRIPTION
Extent 2v (vol. 1; lxxv, 1487 p; vol. 2; 1489 - 2898 p.) :
Other physical details ill. ;
Dimensions 29 cm.
650 ## - SUBJECT ADDED ENTRY--TOPICAL TERM
Topical term or geographic name entry element Cancer.
650 ## - SUBJECT ADDED ENTRY--TOPICAL TERM
Topical term or geographic name entry element Oncology.
650 ## - SUBJECT ADDED ENTRY--TOPICAL TERM
Topical term or geographic name entry element Neoplasms.
700 ## - ADDED ENTRY--PERSONAL NAME
Personal name DeVita, Vincent.
700 ## - ADDED ENTRY--PERSONAL NAME
Personal name Hellman, Samuel.
700 ## - ADDED ENTRY--PERSONAL NAME
Personal name Rosenberg, Steven A.
907 ## - LOCAL DATA ELEMENT G, LDG (RLIN)
a .b10361418
b 11-09-15
c 10-09-15
942 ## - ADDED ENTRY ELEMENTS (KOHA)
Koha item type Ordinary Loan Books
Call number prefix RC261
Call number suffix CAN
Holdings
Date last seen Total Checkouts Full call number Barcode Cost, replacement price Price effective from Koha item type Lost status Source of classification or shelving scheme Damaged status Not for loan Collection Withdrawn status Home library Current library Shelving location Date acquired Cost, normal purchase price
01/20/2023   RC261 CAN 92004039111 80.00 01/20/2023 BOOKS   LCC     NFIC   Medical Medical GEN 01/20/2023 80.00